000 00622 a2200217 4500
001 61411
005 20260407155904.0
008 260407a1984 arg spa d
003 AR-UNSa-BCEJYS
040 _aAR-UNSa-BCEJYS
_bspa
_cAR-UNSa-BCEJYS
080 _a347.2
_xDerechos reales. Cosas. Bienes muebles
245 1 0 _aTratado de derecho civil
_pDerechos reales
020 _a978-950-520-040-5
250 _a3a. ed.
264 1 _aBuenos Aires :
_bPerrot
_c1984
300 _a2 v. (677 ; 620 p.)
_c23 cm.
041 _aspa
942 _cBK
590 _aniveau_biblio:m niveau_hierar:0
100 1 _aBorda, Guillermo A.
999 _c7294
_d7294